000 01071aab a2200193 i 4500
001 768714001
003 CO-MdFUSB
005 20221110163938.0
008 221110s2003 sp ||||| |||| 00| 0 spa d
040 _bspa
_cCO-MdFUSB
_dCO-MdFUSB
041 _aspa
100 1 _aBorgman, Erik (1957-)
_eautor
245 1 3 _aLa cercanía despojada del Dios que libera
_b: marco para una teología cristiana ante otras formas de creencia
_c/ Erik Borgman
300 _aNúmero 302, (2003), Páginas 155 - 168
_c; 21 cm
520 _aEs una imagen que ilustra la desaparición del pasado colectivo y personal del judaísmo europeo aniquilado. Esta imagen de una cultura abierto al abismo y, al fin y al cabo, de la misma existencia humana, deja claro que no se valora el Shoah si se la considera como una estrategia histórica "común", sólo distinta a anteriores intentos de exterminio de un pueblo en escala y finalidad.
650 0 _91269
_aHombres (Teología cristiana)
773 0 _tConcilium
_049450
_960412
_gNúmero 302, (2003), Páginas 155 - 168
_qPáginas 155
942 _cANA
999 _c49968
_d49968